000 00248 a2200109 4500
001 32817
090 _c21986
_d21986
100 _aFerrier,J.P
245 _aHistory of the Afghans
260 _aLahore
_bSang-e-Meel Publications
_c2002
300 _axxi, 491 p.
942 _aNUST-CAE
999 _c267890
_d267890